[Event "Chigorin Memorial"]
[Site "St Petersburg RUS"]
[Date "2012.11.03"]
[Round "8.76"]
[White "Golovin,Leo"]
[Black "Gantsevich,A"]
[Result "1-0"]
[WhiteElo "2475"]
[BlackElo "2046"]

1.d4 Nf6 2.Nd2 d5 3.c4 c6 4.Ngf3 a6 5.e3 b5 6.b3 Bg4 7.h3 Bh5 8.g4 Bg6 9.Ne5 Nfd7
10.Nxg6 hxg6 11.Bg2 Nf6 12.a4 Qa5 13.Ba3 b4 14.Bb2 e6 15.e4 Be7 16.Qe2 Nbd7
17.e5 Nh7 18.h4 Nhf8 19.g5 f5 20.exf6 gxf6 21.gxf6 Nxf6 22.O-O-O Qc7 23.Kb1 Nh5
24.cxd5 Nf4 25.d6 Bxd6 26.Qe4 Nxg2 27.Qxg2 Rh5 28.Rc1 Rd5 29.Ne4 Be7 30.Rc4 O-O-O
31.Rhc1 Kb7 32.Qf3 Rc8 33.Ka2 Qd7 34.Nf6 Bxf6 35.Qxf6 Rf5 36.Qh8 Nh7 37.d5 Rxd5
38.Rxb4+ Ka8 39.Qc3 c5 40.Rb6 Rc6 41.Rxc6 Qxc6 42.Qh8+ Kb7 43.Qxh7+ Rd7 44.Qxg6  1-0

[Event "24th Leuven Open"]
[Site "Leuven BEL"]
[Date "2012.11.04"]
[Round "6.7"]
[White "Tomov,G"]
[Black "Helsen,S"]
[Result "1-0"]
[WhiteElo "2279"]
[BlackElo "2072"]

1.d4 d5 2.c4 c6 3.Nf3 Nf6 4.Qb3 e6 5.Bg5 Nbd7 6.Nc3 Be7 7.e3 O-O 8.Rc1 dxc4
9.Bxc4 b5 10.Bd3 a6 11.Ne4 Nxe4 12.Bxe7 Qxe7 13.Bxe4 Bb7 14.Rc3 Nb8 15.O-O Ra7
16.Nd2 f5 17.Bf3 a5 18.a4 Qb4 19.Qxe6+ Kh8 20.axb5 Qxb2 21.Rb3 Qxd2 22.Qe7 Rg8
23.bxc6 Nxc6 24.Bxc6 Ba6 25.Qxa7 Bxf1 26.Rb8 Bc4 27.h3 Qe1+ 28.Kh2 Qxf2 29.d5 h6
30.Rxg8+ Kxg8 31.Qd4 f4 32.Qxc4 Qg3+ 33.Kg1 fxe3 34.d6+ Kh8 35.d7 Qf2+ 36.Kh1 Qf6
37.Bf3  1-0

[Event "Chigorin Memorial"]
[Site "St Petersburg RUS"]
[Date "2012.11.04"]
[Round "9.125"]
[White "Mikheev,S"]
[Black "Maksimov,Dmitri"]
[Result "1-0"]
[WhiteElo "2286"]
[BlackElo "1982"]

1.d4 d5 2.c4 c6 3.Nf3 dxc4 4.e3 Be6 5.Nc3 b5 6.Ng5 Bc8 7.a4 b4 8.Bxc4 e6
9.Nce4 Be7 10.Nf3 Nf6 11.Nxf6+ Bxf6 12.O-O a5 13.e4 Bb7 14.Qc2 O-O 15.e5 Be7
16.Bd3 h6 17.Be3 Nd7 18.Bh7+ Kh8 19.Be4 Nb6 20.Qc1 g5 21.h4 Nd5 22.hxg5 Nxe3
23.fxe3 hxg5 24.Qd1 Kg7 25.Nh2 Rh8 26.Qf3 Qe8 27.Ng4 Rc8 28.Nf6 Qf8 29.Qg4  1-0

[Event "US Chess League 2012"]
[Site "ICC INT"]
[Date "2012.11.07"]
[Round "10"]
[White "Margvelashvili,G"]
[Black "Shmeliov,D"]
[Result "1/2-1/2"]
[WhiteElo "2570"]
[BlackElo "2410"]

1.d4 d5 2.c4 c6 3.Nf3 Nf6 4.Qb3 dxc4 5.Qxc4 Bf5 6.g3 e6 7.Bg2 Nbd7 8.O-O Be7
9.e3 O-O 10.Qe2 Rc8 11.Rd1 b5 12.Ne5 Bxb1 13.Nxd7 Nxd7 14.Rxb1 Qb6 15.e4 Rfd8
16.Be3 c5 17.d5 exd5 18.Rxd5 Nf8 19.Rbd1 Rxd5 20.Rxd5 Qa5 21.a3 b4 22.axb4 Qxb4
23.Qc2 Rb8 24.Rd2 Ne6 25.e5 Rd8 26.Bd5 Nc7 27.Be4 Ne6 28.Bxh7+ Kf8 29.Bf5 Nd4
30.Bxd4 Rxd4 31.Re2 Qc4 32.Qxc4 Rxc4 33.Kg2 Rb4 34.Rc2 a5 35.f4 Rb3 36.Be4 g6
37.Kf2 a4 38.Ke2 a3 39.bxa3 Rxa3 40.Bd5 Ra4 41.Ke3 Kg7 42.Bc4 Kf8 43.Rc3 Kg7
44.Kd3 Ra1 45.Rb3 Rd1+ 46.Kc2 Rh1 47.h4 Rg1 48.Rd3 Kf8 49.Kb3 Rb1+ 50.Kc2 Rg1
51.Rc3 Kg7  1/2-1/2

[Event "WY BU16 2012"]
[Site "Maribor SLO"]
[Date "2012.11.08"]
[Round "1.15"]
[White "Harutyunian,T"]
[Black "Jacobsen,Mad"]
[Result "1/2-1/2"]
[WhiteElo "2334"]
[BlackElo "2019"]

1.d4 d5 2.c4 c6 3.Nf3 Nf6 4.Qc2 dxc4 5.Qxc4 Bf5 6.g3 e6 7.Bg2 Be7 8.O-O Nbd7
9.e3 O-O 10.Rd1 Qc7 11.b3 e5 12.Bb2 exd4 13.Nxd4 Bg6 14.Nc3 Rad8 15.Rac1 Ne5
16.Qe2 Qa5 17.e4 Rfe8 18.h3 Ba3 19.Bxa3 Qxa3 20.Qc2 Qb4 21.Nde2 Qc5 22.Rxd8 Rxd8
23.Rd1 Rxd1+ 24.Qxd1 h6 25.Qd4 Ned7 26.f4 Qxd4+ 27.Nxd4 Kf8 28.g4 Ne8 29.e5 Bd3
30.Kf2 g6 31.Ke3 Ba6 32.a4 Nc7 33.h4 Ke7 34.h5 gxh5 35.gxh5 f6 36.Nf5+ Kf8
37.exf6 Nxf6 38.Bf3 Bf1 39.Nxh6 Bh3 40.Be4 Be6 41.Nf5 Nxh5 42.b4 Na6 43.Nd4 Bd7
44.b5 cxb5 45.Bxb7 Nc5 46.Bf3 Nxf4 47.Kxf4 Nxa4 48.Ncxb5 Bxb5 49.Nxb5 a6
50.Nc7 Nc5 51.Ke5 Ke7 52.Kd5 Nd7 53.Nxa6 Kf6 54.Nc7 Nf8 55.Be4 Ng6 56.Ne8+ Kf7
57.Nd6+ Kf6 58.Bc2 Nf4+ 59.Ke4 Ne6 60.Nc4 Ng5+ 61.Kd5 Nf7 62.Nd2 Ng5 63.Bd3 Nf7
64.Ne4+ Ke7 65.Be2 Nh6 66.Ke5 Nf7+ 67.Kf4 Nd6 68.Ng3 Nf7 69.Bc4 Kf6 70.Bb3 Ke7
71.Kf5 Nd6+ 72.Kg6 Kd7 73.Kf6 Ne8+ 74.Ke5 Nc7 75.Ba4+ Kd8 76.Nf5 Na6 77.Kd6 Kc8
78.Bc6 Kb8 79.Ne7 Nb4 80.Be4 Ka7 81.Kc5 Na6+ 82.Kb5 Nc7+ 83.Kc6 Kb8 84.Bf3 Ne6
85.Kb6 Nf8 86.Nc6+ Kc8 87.Bg4+ Nd7+ 88.Kb5 Kc7 89.Nd4 Kd6 90.Bh3 Nf6 91.Nf3 Kd5
92.Bg2 Ke4 93.Kc4 Kf4 94.Nd4 Ng4 95.Kd3 Ne5+ 96.Ke2 Ng4 97.Ne6+ Ke5 98.Ng5 Kf4  1/2-1/2

[Event "TCh-CZE Div1 Zapad 2012-13"]
[Site "Czech Republic CZE"]
[Date "2012.11.11"]
[Round "2.8"]
[White "Balacek,T"]
[Black "Bartos,J"]
[Result "1/2-1/2"]
[WhiteElo "2217"]
[BlackElo "2191"]

1.d4 d5 2.Nf3 Nf6 3.c4 c6 4.Qc2 g6 5.g3 Bg7 6.Bg2 O-O 7.O-O Na6 8.cxd5 cxd5
9.Qb3 Qb6 10.Qxb6 axb6 11.Nc3 Nb4 12.Bg5 Be6 13.a3 Nc6 14.Bxf6 Bxf6 15.e3 Rfd8
16.Nd2 Rd6 17.Rac1 Rad8 18.Nb5 R6d7 19.Rc3 Bf5 20.f4 e6 21.Nf3 Be7 22.Ne5 Nxe5
23.fxe5 h5 24.Rfc1 Kg7 25.Rb3 Ra8 26.Kf2 Kg8 27.Ke2 Kg7 28.Kd2 Kg8 29.Bf1 Ra5
30.Rc7 Rxc7 31.Nxc7 Bd8 32.Nb5 Ra8 33.Nd6 Rb8 34.Be2 Bg4 35.Bd3 Bf3 36.Rc3 Kf8
37.Rc1 Bg2 38.Bf1 Bf3 39.Kc3 Bg5 40.Kd2 Bd8 41.Bd3 Bg2 42.Kc3 Bg5 43.Re1 Be7
44.Re2 Bxd6 45.Rxg2 Rc8+ 46.Kb3 Be7 47.Rc2 Rxc2 48.Kxc2 Bg5 49.Kd2 Kg7 50.Bb5 f6
51.exf6+ Kxf6 52.Bd7 e5 53.Kd3 exd4 54.exd4 Bc1 55.Kc3 g5 56.h3 Be3 57.Bc8 Bf2
58.g4 hxg4 59.hxg4 Ke7 60.Bxb7 Kd6  1/2-1/2

[Event "TCh-CZE Div1 Zapad 2012-13"]
[Site "Czech Republic CZE"]
[Date "2012.11.11"]
[Round "2.8"]
[White "Chmel,K"]
[Black "Kucera,P3"]
[Result "0-1"]
[WhiteElo "2064"]
[BlackElo "2202"]

1.d4 d5 2.c4 c6 3.Nd2 Nf6 4.Ngf3 Bf5 5.e3 e6 6.Be2 Nbd7 7.O-O h6 8.b3 Bd6
9.Bb2 Qb8 10.Re1 O-O 11.h3 Re8 12.Nh4 Bh7 13.f4 g5 14.fxg5 hxg5 15.Nhf3 g4
16.Ng5 gxh3 17.Nxh3 Bf5 18.Bh5 Bg3 19.Rf1 Kg7 20.Nf4 Rh8 21.Bf3 Bxf4 22.exf4 Qxf4
23.Bc1 Qxd4+  0-1

[Event "WY GU18 2012"]
[Site "Maribor SLO"]
[Date "2012.11.11"]
[Round "4.39"]
[White "Carli,Lara"]
[Black "Hervolj,Manca"]
[Result "1/2-1/2"]
[WhiteElo "1646"]
[BlackElo "1654"]

1.d4 d5 2.c4 c6 3.Nf3 Nf6 4.Qc2 Nbd7 5.g3 g6 6.Bg2 Bg7 7.O-O O-O 8.e3 Re8
9.Rd1 e6 10.b3 a6 11.c5 Ne4 12.Bb2 e5 13.Nxe5 Bxe5 14.dxe5 Nexc5 15.e4 Nxe4
16.Bxe4 dxe4 17.Qxe4 Qe7 18.Qd4 c5 19.Qd6 Kf8 20.Qxe7+ Rxe7 21.f4 b6 22.Nd2 Bb7
23.Nc4 Rb8 24.Kf2 Ke8 25.Nd6+ Kd8 26.Rd2 Kc7 27.Rad1 Bc6 28.h4 Rf8 29.Re1 Re6
30.h5 f6 31.hxg6 hxg6 32.Kg1 fxe5 33.Bxe5 Nxe5 34.fxe5 Rh8 35.Red1 Rh1+ 36.Kf2 Rxd1
37.Rxd1 Rxe5 38.Nc4 Rf5+ 39.Kg1 Rf3 40.Kh2 Rf2+ 41.Kh3 Rxa2 42.Kg4 Bb5 43.Kg5 Rg2
44.g4 Bd7 45.Ne5 Be6 46.Rd3 b5 47.Kf4 Rf2+ 48.Kg5 Rb2 49.Kxg6 Rxb3 50.Rd1 a5
51.Kf6 Bc4 52.Ke7 a4 53.Rd7+ Kb6 54.Rd6+ Kb7 55.Rd7+ Kb6 56.Rd6+  1/2-1/2

[Event "WY BU16 2012"]
[Site "Maribor SLO"]
[Date "2012.11.12"]
[Round "5.11"]
[White "Petrov,N"]
[Black "Kumsiashvili,N"]
[Result "1/2-1/2"]
[WhiteElo "2309"]
[BlackElo "2100"]

1.Nf3 d5 2.d4 Nf6 3.c4 c6 4.Nbd2 e6 5.g3 Nbd7 6.Bg2 Be7 7.O-O O-O 8.Qc2 Qc7
9.e4 dxe4 10.Nxe4 Nxe4 11.Qxe4 Nf6 12.Qc2 c5 13.Bf4 Bd6 14.Bxd6 Qxd6 15.Rad1 Rb8
16.Qa4 a6 17.Rfe1 cxd4 18.Rxd4 Qc7 19.Ne5 b5 20.Qa3 Bb7 21.Bxb7 Qxb7  1/2-1/2

[Event "WY GU16 2012"]
[Site "Maribor SLO"]
[Date "2012.11.12"]
[Round "5.12"]
[White "Kalaydina,R"]
[Black "Nevioselaya,M"]
[Result "0-1"]
[WhiteElo "1934"]
[BlackElo "2065"]

1.d4 d5 2.c4 c6 3.Nf3 Nf6 4.Qc2 g6 5.Bf4 Bg7 6.e3 Bf5 7.Qb3 Qb6 8.Qxb6 axb6
9.Nc3 dxc4 10.Bxc4 b5 11.Bb3 Na6 12.O-O Nb4 13.Ng5 O-O 14.e4 Bd7 15.Rfd1 h6
16.Nf3 Bg4 17.Rd2 Bxf3 18.gxf3 Nd7 19.Rad1 Rfd8 20.Kg2 Nf8 21.a3 Na6 22.d5 Bxc3
23.bxc3 Nc5 24.Bc2 Rdc8 25.Be3 Na4 26.Bxa4 Rxa4 27.dxc6 bxc6 28.Bc5 Rc7 29.Rd8 Rc4
30.Bb6 Rb7 31.Be3 g5 32.Ra8 Kg7 33.Rdd8 Ng6 34.Rdc8 e5 35.Rg8+ Kh7 36.Kg3 Rxc3
37.Kg4 Rxa3 38.Rac8 Ra1 39.Rgd8 Ne7 40.Rh8+ Kg6 41.Rce8 Rg1+ 42.Kh3 Kh5 43.Ra8 Ng6
44.Ra6 Nxh8 45.Rxc6 Ng6 46.f4 g4+  0-1

[Event "WY GU16 2012"]
[Site "Maribor SLO"]
[Date "2012.11.12"]
[Round "6.23"]
[White "Leonardi,Caterina"]
[Black "Blagojevic,Tijana"]
[Result "1/2-1/2"]
[WhiteElo "1869"]
[BlackElo "2090"]

1.d4 d5 2.c4 c6 3.Nf3 Nf6 4.Qc2 dxc4 5.Qxc4 Bf5 6.e3 Nbd7 7.g3 e6 8.Bg2 Be7
9.O-O Ne4 10.Nc3 Nxc3 11.bxc3 Be4 12.Nd2 Bxg2 13.Kxg2 O-O 14.e4 c5 15.Nf3 Rc8
16.Qe2 Qb6 17.Be3 Rfd8 18.Rfd1 Nf6 19.Bg5 h6 20.Rab1 Qc7 21.Bf4 Qc6 22.d5 exd5
23.exd5 Nxd5 24.Rxd5 Qxd5 25.Qxe7 g5 26.c4 Qf5 27.Nxg5 hxg5 28.Qxg5+ Qxg5
29.Bxg5 Rd7 30.Be3 b6 31.a4 Rd3 32.a5 bxa5 33.Ra1 Rc3 34.Ra4 a6 35.Kf1 Rb3
36.Rxa5 Rb4 37.Rxa6 Rxc4 38.Ke2 Rb4 39.Kd3 c4+ 40.Kc3 Rb3+ 41.Kc2 Rb5 42.Kc3 Rb3+
43.Kc2 Rb5 44.Kc3 Rb3+  1/2-1/2

[Event "WY BU18 2012"]
[Site "Maribor SLO"]
[Date "2012.11.12"]
[Round "6.19"]
[White "Leiva,G"]
[Black "Hasenohr,B"]
[Result "1-0"]
[WhiteElo "2378"]
[BlackElo "2196"]

1.d4 d5 2.Nf3 Nf6 3.c4 c6 4.Qc2 g6 5.Bf4 dxc4 6.Qxc4 Bg7 7.Nc3 Qb6 8.Qb3 O-O
9.e3 Be6 10.Qa3 Nbd7 11.Be2 Nd5 12.Bg5 Rfe8 13.O-O h6 14.Bh4 a5 15.Nxd5 Bxd5
16.Bxe7 c5 17.Bh4 g5 18.Bg3 cxd4 19.Rad1 Rad8 20.Nxd4 Bf8 21.Qa4 Qxb2 22.Bc7 Bc6
23.Nxc6 Nc5 24.Qxa5 Rxd1 25.Bxd1 bxc6 26.Qb6 Qxa2 27.Qxc6 Re6 28.Qb5 Qa7
29.Qb8 Qa3 30.Qb5 Ne4 31.Bg4 Ra6 32.Be5 Ra5 33.Qb2 Qa4 34.Bd4 Rb5 35.Qc1 Rb8
36.Bf3 Nd6 37.Qc6 Qa3 38.Qc5 Qd3 39.Qe5 Qh7 40.h3 Rb1 41.Rxb1 Qxb1+ 42.Kh2 Qh7
43.g3 Nc4 44.Qd5 Qc2 45.Kg2 Nd2 46.Qe5 Qh7 47.Bd5 Bg7 48.Bxf7+ Kxf7 49.Qd5+ Kg6
50.Bxg7 Qxg7 51.Qd3+ Kf6 52.Qxd2 Qb7+ 53.f3 Qc6 54.e4 Qc4 55.h4 gxh4 56.Qxh6+ Kf7
57.Qxh4  1-0

[Event "22nd World Seniors Open"]
[Site "Kamena Vourla GRE"]
[Date "2012.11.13"]
[Round "1.34"]
[White "Archangelsky,M"]
[Black "Neumann,Ho"]
[Result "1/2-1/2"]
[WhiteElo "2197"]
[BlackElo "1912"]

1.d4 d5 2.Nf3 Nf6 3.c4 c6 4.Qc2 g6 5.Bf4 Bg7 6.e3 Bf5 7.Qb3 Qb6 8.Nc3 Qxb3
9.axb3 O-O 10.h3 h5 11.c5 Nbd7 12.b4 Rfe8 13.b5 Ne4 14.bxc6 bxc6 15.Ba6 e5
16.Nxe4 dxe4 17.Nxe5 Bxe5 18.Bxe5 Nxe5 19.dxe5 Rab8 20.O-O Rxb2 21.Rfc1 Rxe5
22.Bf1 Be6 23.Rxa7 Rf5 24.Rc7 Bd5 25.h4 Rfxf2 26.Kh2 Rfc2 27.Rxc2 Rxc2 28.Kg3 Kg7
29.Ba6 Rxc5 30.Kf4 Rc2 31.Kg3 Rc3 32.Kf4 Rc2 33.Kg3 Rc3 34.Kf4 Rc2  1/2-1/2

[Event "22nd World Seniors Women"]
[Site "Kamena Vourla GRE"]
[Date "2012.11.13"]
[Round "1.2"]
[White "Strutinskaya,G"]
[Black "Khropova,L"]
[Result "1-0"]
[WhiteElo "2325"]
[BlackElo "2014"]

1.d4 d5 2.c4 c6 3.Nf3 Nf6 4.Nbd2 Bf5 5.g3 Nbd7 6.Bg2 h6 7.O-O e6 8.b3 Bd6
9.Bb2 Qb8 10.Re1 O-O 11.Nf1 Bh7 12.c5 Bc7 13.b4 e5 14.a4 exd4 15.Bxd4 Re8
16.Qc1 Ne4 17.Qb2 Ne5 18.N1d2 f6 19.Bh3 Nxf3+ 20.Nxf3 Be5 21.b5 Ng5 22.Bd7 Qc7
23.Bxe8 Rxe8 24.b6 axb6 25.cxb6 Qb8 26.a5 Nxf3+ 27.exf3 Bd3 28.Re3 Bxd4 29.Qxd4 Ba6
30.Rae1 Rxe3 31.fxe3 Qe5 32.f4 Qf5 33.Rc1 h5 34.Qd1 Qh3 35.Qf3 Qf5 36.Qf2 d4
37.Qa2+ Kh8 38.exd4 h4 39.Re1 Qd7 40.Re4 Qf5 41.Re8+ Kh7 42.Re3 Qb5 43.Qc2+ Kh6
44.Qc1 Qxa5 45.f5 Kh7 46.g4 Qxb6 47.Qd1 Kh6 48.g5+ Kxg5 49.Re4  1-0

[Event "Brno Open 2012"]
[Site "Brno CZE"]
[Date "2012.11.14"]
[Round "5"]
[White "Potapov,Alexa1"]
[Black "Halldorsson,J"]
[Result "1/2-1/2"]
[WhiteElo "2379"]
[BlackElo "2196"]

1.d4 d5 2.c4 c6 3.Nf3 Nf6 4.Qb3 dxc4 5.Qxc4 Bf5 6.g3 e6 7.Bg2 Be7 8.Nc3 h6
9.O-O O-O 10.Ne5 Nbd7 11.Qb3 Qb6 12.e4 Bh7 13.Nc4 Qb4 14.Rd1 b5 15.Ne3 Qxb3
16.axb3 b4 17.e5 bxc3 18.exf6 cxb2 19.Bxb2 Nxf6 20.Bxc6 Rab8 21.Rxa7 Rxb3
22.Nc4 Nd5 23.Rc1 Bf6 24.Rb7 Rxb7 25.Bxb7 Rb8 26.Nd6 Bd3 27.Ba3 Be7 28.Rc8+ Rxc8
29.Bxc8 Nc3 30.Bc5 Bxd6 31.Bxd6 Ne2+ 32.Kg2 Nxd4 33.Bb7 g5 34.Be5 Nf5 35.f3 Kh7
36.Kf2 Kg6 37.g4 Ne7 38.Bd6 Ng8 39.Bc6 h5 40.gxh5+ Kxh5 41.Be8 Kg6 42.Bc6 Bc4
43.Be4+ f5 44.Bc2 Kf6 45.Bc7 Bd5 46.Bd8+ Kg6 47.h4 gxh4 48.Bxh4 e5 49.Bg3 Kf6
50.Bh4+ Ke6 51.Ba4 Nf6 52.Bxf6 Kxf6 53.f4 exf4  1/2-1/2

[Event "WY BU18 2012"]
[Site "Maribor SLO"]
[Date "2012.11.15"]
[Round "8.43"]
[White "Brcar,Al"]
[Black "Verhelst,J"]
[Result "0-1"]
[WhiteElo "2090"]
[BlackElo "1987"]

1.d4 d5 2.c4 c6 3.Nf3 Nf6 4.Qc2 g6 5.Bf4 Bg7 6.e3 O-O 7.Bd3 Nbd7 8.Nc3 Nb6
9.b3 Bg4 10.Ne5 Be6 11.c5 Nbd7 12.Nxd7 Nxd7 13.h4 Qa5 14.Rc1 b6 15.cxb6 axb6
16.Qd2 c5 17.Bb1 Qb4 18.Ne2 Qxd2+ 19.Kxd2 f6 20.h5 Bf7 21.hxg6 hxg6 22.Bh6 e5
23.Rh4 f5 24.Rch1 exd4 25.exd4 Nf6 26.Bxg7 Kxg7 27.f3 c4 28.Nc3 Be8 29.g4 fxg4
30.fxg4 Bf7 31.g5 Nh5 32.Nb5 Rad8 33.R1h2 Rfe8 34.Bc2 Re7 35.R4h3 Be8 36.Nc3 b5
37.Ne2 b4 38.Nf4 c3+ 39.Kd1 Bd7 40.Rh4 Rf8 41.Rf2 Ref7 42.Nxh5+ gxh5 43.Rxf7+ Rxf7
44.g6 Rf2 45.Rh1 Bf5 46.Bxf5 Rxf5 47.a3 bxa3 48.Kc2 Kxg6  0-1

[Event "WY BU14 2012"]
[Site "Maribor SLO"]
[Date "2012.11.16"]
[Round "9.2"]
[White "Paravyan,D"]
[Black "Ali Marandi,C"]
[Result "1/2-1/2"]
[WhiteElo "2285"]
[BlackElo "2367"]

1.d4 d5 2.c4 c6 3.Nf3 Nf6 4.Qb3 e6 5.Bg5 Be7 6.Nc3 O-O 7.e3 dxc4 8.Bxc4 b5
9.Bd3 Nbd7 10.O-O Bb7 11.e4 h6 12.Bh4 a6 13.e5 Nh5 14.Bxe7 Qxe7 15.Be4 Rab8
16.Ne2 f5 17.exf6 Nhxf6 18.Bc2 c5 19.Nh4 Bd5 20.Qh3 Qd6 21.dxc5 Qxc5 22.Rac1 Qb4
23.Ng6 Rf7 24.Nef4 Qxb2 25.Bd3 Qxa2 26.g4 Nh7 27.Ra1 Ng5 28.Qe3 Qd2 29.Nxd5 exd5
30.Qxd2 Nf3+ 31.Kg2 Nxd2 32.Rfe1 Ne4 33.f3 Rb6 34.fxe4 Rxg6 35.exd5 Rxg4+
36.Kh1 Nc5 37.Re8+ Rf8 38.Bh7+ Kf7 39.Re5 Rf4 40.d6 Ne6 41.d7 Rd8 42.Rxa6 Nf8
43.Rf5+ Rxf5 44.Bxf5 Nxd7 45.Rd6 Ke7 46.Re6+ Kf8 47.Rd6  1/2-1/2

[Event "WY GU16 2012"]
[Site "Maribor SLO"]
[Date "2012.11.17"]
[Round "10.33"]
[White "Leonardi,Caterina"]
[Black "Rodsmoen,Maud"]
[Result "1-0"]
[WhiteElo "1869"]
[BlackElo "1747"]

1.d4 d5 2.c4 c6 3.Nf3 Nf6 4.Qc2 g6 5.g3 Bg7 6.Bg2 Bf5 7.Qb3 Qb6 8.Nc3 Na6
9.O-O O-O 10.Bg5 dxc4 11.Qxc4 Qxb2 12.e4 Nxe4 13.Nxe4 Bxe4 14.Bxe7 Bxf3 15.Bxf3 Qxd4
16.Qxd4 Bxd4 17.Rab1 Rfb8 18.Rfd1 Bc5 19.Bf6 Bb6 20.Rd7 Nc5 21.Rd2 Re8 22.Kf1 Re6
23.Bc3 Ne4 24.Bxe4 Rxe4 25.Rd7 Rb8 26.f4 Ree8 27.Be5 Red8 28.Rbd1 Rxd7 29.Rxd7 Rd8
30.Rxb7 Kf8 31.Bf6 Rc8 32.Ke2 Bg1 33.Kf1 Bb6 34.Ke2 c5 35.h3 c4 36.Kd2 Bf2
37.g4 Re8 38.Kc3 Rc8 39.Kc2 Be3 40.Be5 Bb6 41.Bd6+ Kg7 42.Be5+ Kg8 43.a4 h5
44.Bc3 Be3 45.Be5 Bc5 46.a5 a6 47.Kc3 Bf2 48.Rc7 Rxc7 49.Bxc7 hxg4 50.hxg4 f6
51.Kxc4 Kf7 52.Kd5 Bg3 53.Kc6 Ke7 54.f5 Be1 55.Bd6+ Kf7 56.Kb6 gxf5 57.gxf5 Ke8
58.Bc5 Kd7 59.Bd4 Bh4 60.Kxa6 Kc6 61.Ka7 Kc7 62.a6 Bg5 63.Bb6+ Kc8 64.Bf2 Bf4
65.Kb6 Kb8 66.Kc6 Ka8 67.Bd4 Bg5 68.Kd6 Kb8 69.Ke6 Bh4 70.Bxf6 Bf2 71.Be5+ Ka7
72.f6 Be3 73.f7 Bh6 74.Bd6 Kxa6 75.Kf6 Kb6 76.Kg6 Kc6 77.Kxh6 Kxd6 78.f8=Q+  1-0

[Event "TCh-HUN 2012-13"]
[Site "Budapest HUN"]
[Date "2012.11.18"]
[Round "4"]
[White "Bali,J"]
[Black "Krutti,V"]
[Result "1/2-1/2"]
[WhiteElo "2260"]
[BlackElo "2352"]

1.d4 d5 2.c4 c6 3.Nf3 Nf6 4.Qc2 dxc4 5.Qxc4 Bg4 6.Ne5 Be6 7.Qd3 Nbd7 8.e4 g6
9.Nc3 Bg7 10.Qc2 O-O 11.Be2 Nxe5 12.dxe5 Nd7 13.f4 Qb6 14.Bd2 Rfd8 15.Na4 Qd4
16.Bc3 Qe3 17.Bd2 Qd4 18.Bc3 Qe3 19.Bd2  1/2-1/2

[Event "VIII Governor's Cup B"]
[Site "Khanty-Mansiysk RUS"]
[Date "2012.11.18"]
[Round "4"]
[White "Pozin,S"]
[Black "Papayan,O"]
[Result "1-0"]
[WhiteElo "2369"]
[BlackElo "2238"]

1.Nf3 d5 2.d4 Nf6 3.c4 c6 4.g3 dxc4 5.a4 b5 6.Bg2 Bb7 7.O-O e6 8.Ne5 a6 9.axb5 axb5
10.Rxa8 Bxa8 11.Nc3 Nd5 12.Bxd5 exd5 13.e4 Be7 14.Qg4 O-O 15.Bh6 Bf6 16.Nf3 Qd7
17.Qf4 c5 18.Ra1 Bc6 19.e5 Be7 20.Bg5 Bxg5 21.Qxg5 b4 22.Ne2 h6 23.Qe3 cxd4
24.Nexd4 Bb7 25.e6 fxe6 26.Ne5 Qe8 27.Ra7 Bc8 28.f4 Nd7 29.Nec6 Nf6 30.Ne7+ Kh7
31.Nxc8 Qxc8 32.Nxe6 Rg8 33.Qe5 Qc6  1-0

[Event "TCh-FIN SM 2012-13"]
[Site "Vantaa FIN"]
[Date "2012.11.18"]
[Round "7.3"]
[White "Kekki,P"]
[Black "Kokkila,T"]
[Result "0-1"]
[WhiteElo "2353"]
[BlackElo "2323"]

1.d4 d5 2.Nf3 Nf6 3.c4 c6 4.Nbd2 e6 5.g3 Be7 6.Bg2 O-O 7.O-O Nbd7 8.b3 b6
9.Bb2 Bb7 10.Rc1 Rc8 11.e3 c5 12.cxd5 Bxd5 13.Qe2 cxd4 14.Nxd4 Bxg2 15.Kxg2 Nc5
16.Rfd1 Qd7 17.e4 Rfd8 18.f3 Qb7 19.Nc4 Ne8 20.Ba1 Nd6 21.Ne5 a5 22.Nc4 Nxc4
23.Rxc4 e5 24.Nf5 Rxd1 25.Qxd1 Rd8 26.Qc1 f6 27.Ne3 Nd3 28.Qf1 Bc5 29.Nd5 Nb4
30.Nxb4 Rd2+ 31.Kh1 axb4 32.Rc1 Qd7 33.f4 Qg4 34.Re1 h5 35.fxe5 Rf2 36.Qd3 Qh3  0-1

[Event "Malta Open 2012"]
[Site "Bugibba MLT"]
[Date "2012.11.21"]
[Round "5"]
[White "Mirzoev,A"]
[Black "Collutiis,D"]
[Result "1/2-1/2"]
[WhiteElo "2555"]
[BlackElo "2486"]

1.d4 d5 2.Nf3 Nf6 3.c4 c6 4.Qc2 dxc4 5.Qxc4 Bg4 6.Nbd2 Nbd7 7.g3 e6 8.Bg2 Be7
9.h3 Bh5 10.Qb3 Qb6 11.O-O O-O 12.e3 Rac8 13.Nc4 Qa6 14.Nce5 Rfd8 15.g4 Bg6
16.Nxg6 hxg6 17.a4 Qb6 18.Qxb6 axb6 19.b3 Ra8 20.Bb2 Nd5 21.Rfd1 g5 22.Nd2 Bd6
23.Nc4 Bc7 24.Rdc1 N7f6 25.Nd2 Bd6 26.Nf3 Ne4 27.Bf1 Bb4 28.Rc2 Be7 29.Bd3 Nd6
30.Rcc1 Nb4 31.Be2 Ne4 32.Kg2 f6 33.Rd1 Kf7 34.Ne1 Nd5 35.Bf3 Nd6 36.Nd3 Nc8
37.Rac1 Bd6 38.Kf1 Nce7 39.Ne1 Ng6 40.Kg1 Rh8 41.Bg2 Nh4 42.Bh1 g6 43.Bg2  1/2-1/2

[Event "22nd World Seniors Women"]
[Site "Kamena Vourla GRE"]
[Date "2012.11.22"]
[Round "9.1"]
[White "Strutinskaya,G"]
[Black "Ankudinova,Y"]
[Result "1/2-1/2"]
[WhiteElo "2325"]
[BlackElo "2147"]

1.d4 d5 2.c4 c6 3.Nf3 Nf6 4.Qc2 e6 5.Bg5 Nbd7 6.e3 Qa5+ 7.Nbd2 Ne4 8.Bf4 Be7
9.h3 Nxd2 10.Nxd2 dxc4 11.Bxc4 e5 12.dxe5 Nxe5 13.O-O O-O 14.Nb3 Qc7 15.Be2 Bf6
16.Rfd1 Qe7 17.Qc5 Qxc5 18.Nxc5 Ng6 19.Bd6 Re8 20.Rd2 b6 21.Na6 Bxa6 22.Bxa6 Rad8
23.Rad1 Nf8 24.Bb7 c5 25.b3 h5 26.Bc6 Re6 27.Bf3 g6 28.g3 Be5 29.Bxe5 Rxd2
30.Rxd2 Rxe5 31.Rd8 Kg7 32.Bd5 Re7 33.e4 Ne6 34.Bxe6 Rxe6 35.f3 Rc6 36.Rd7 a6
37.e5 Kf8 38.Kf2 c4 39.bxc4 Rxc4 40.Ke3 Ra4 41.Rd2 Ke7 42.Rc2 b5 43.g4 h4
44.f4 Ra3+ 45.Ke4 Rxh3 46.f5 gxf5+ 47.gxf5 b4 48.Rc7+ Ke8 49.f6 Ra3 50.Re7+ Kf8
51.Rb7 Kg8 52.Rxb4 Rxa2 53.Kd5 Rd2+ 54.Kc6 h3 55.Rh4 h2 56.Kb6 Ra2 57.Rh6 Re2
58.Kxa6 Rxe5 59.Kb6 Re6+ 60.Kc5 Rxf6 61.Rxh2 Re6 62.Kd5 Kg7 63.Rf2 Re1 64.Rg2+ Kf6
65.Rf2+ Ke7 66.Rf4 Re2 67.Rf1 f6 68.Kd4 Ke6 69.Rf3 Re1 70.Kd3 Re5 71.Kd4 Ra5
72.Rf1 Rd5+ 73.Ke4 Re5+ 74.Kd4 f5 75.Kd3 Kf6 76.Rg1 f4 77.Kd2 Kf5 78.Re1 Ra5
79.Ke2 Ra2+ 80.Kf3 Ra3+  1/2-1/2

[Event "TCh-NED Meesterklasse 2012-13"]
[Site "Netherland NED"]
[Date "2012.11.24"]
[Round "4.10"]
[White "Verhoeven,T"]
[Black "Lemmers,O"]
[Result "0-1"]
[WhiteElo "2187"]
[BlackElo "2372"]

1.Nf3 d5 2.d4 c6 3.c4 Nf6 4.Qc2 dxc4 5.Qxc4 Bg4 6.Nc3 Nbd7 7.e4 Bxf3 8.gxf3 e5
9.dxe5 Nxe5 10.Qe2 Bc5 11.Bd2 Nh5 12.f4 Qxd2+ 13.Kxd2 Nxf4 14.Qd1 O-O-O+
15.Kc2 Rxd1 16.Nxd1 Rd8 17.Rg1 g6 18.Rg3 Rd4 19.Nc3 h5 20.Rd1 Kc7 21.Rxd4 Bxd4
22.Nd1 h4 23.Rb3 Bb6 24.h3 Ne6 25.Rc3 Bd4 26.Ra3 Bc5 27.b4 Bxb4 28.Rxa7 Kb8
29.Ra4 Bc5 30.Rc4 Nxc4 31.Bxc4 Ng5 32.Kd3 f6 33.Ke2 Nxh3 34.Bf7 Nf4+ 35.Kf3 g5
36.Ne3 Bxe3 37.fxe3 Nd3 38.Be6 Ne5+  0-1

[Event "TCh-SVK Extraliga 2012-13"]
[Site "Slovakia SVK"]
[Date "2012.11.24"]
[Round "3.2"]
[White "Straka,Joz2"]
[Black "Varga,Zo"]
[Result "0-1"]
[WhiteElo "2348"]
[BlackElo "2455"]

1.d4 d5 2.c4 dxc4 3.Nf3 c6 4.e3 Be6 5.a4 Nf6 6.Na3 Bd5 7.Nxc4 e6 8.Be2 c5
9.O-O Nc6 10.Nfe5 cxd4 11.Nxc6 Bxc6 12.exd4 Qd5 13.Ne3 Qd7 14.Nc4 Qd5 15.Ne3 Qd7
16.Nc4 Qc7 17.Be3 Bd6 18.Nxd6+ Qxd6 19.Qd2 O-O 20.b4 Qd5 21.Bf3 Qd7 22.Bxc6 Qxc6
23.Rfc1 Qd7 24.b5 Nd5 25.Rc5 a6 26.Rac1 axb5 27.axb5 f6 28.h4 Ra3 29.h5 h6
30.b6 Ra6 31.Qe2 Rxb6 32.Qg4 f5 33.Qg3 f4 34.Rxd5 Qxd5 35.Bxf4 Qxh5 36.Rc7 Rb1+
37.Bc1 Rf7 38.Rc8+ Kh7 39.Qb8 Qg5 40.Rh8+ Kg6  0-1

[Event "ch-Commonwealth 2012"]
[Site "Chennai IND"]
[Date "2012.11.27"]
[Round "7"]
[White "Paragua,M"]
[Black "Krishna,CRG"]
[Result "1/2-1/2"]
[WhiteElo "2532"]
[BlackElo "2327"]

1.d4 d5 2.c4 c6 3.Nf3 Nf6 4.Qc2 a6 5.Bf4 b5 6.cxd5 Qxd5 7.e3 Bf5 8.Bd3 Bxd3
9.Qxd3 e6 10.O-O c5 11.Nc3 Qb7 12.d5 Nxd5 13.Nxd5 Qxd5 14.Qxd5 exd5 15.a4 bxa4
16.Rfd1 Nd7 17.Rxd5 Be7 18.Rd2 Ra7 19.Rxa4 O-O 20.Ne5 Nxe5 21.Bxe5 f6 22.Bc3 Rd8
23.Rxd8+ Bxd8 24.Kf1 Kf7 25.Ke2 Ke6 26.Kd3 Kd5 27.Rh4 g6 28.Re4 Be7 29.g4 Rc7
30.Ra4 Ra7 31.e4+ Kc6 32.f4 Bd8 33.Kc4 a5 34.Ra1 Rd7 35.Re1 a4 36.e5 fxe5
37.Rxe5 Be7 38.f5 gxf5 39.gxf5 Bd6 40.Re6 Re7 41.Rh6 Re4+ 42.Kd3 Re7 43.f6 Ra7
44.Ke4 Bf8 45.Rh3 a3 46.bxa3 Rxa3 47.f7 Kd7 48.Kd5 Ra6 49.Be5 c4 50.Rxh7 Ra5+
51.Ke4 Ke6  1/2-1/2

[Event "Doroshkevicha Mem Open 2012"]
[Site "Sochi RUS"]
[Date "2012.11.28"]
[Round "3"]
[White "Oganian,M"]
[Black "Prokhorko,Mikhail"]
[Result "0-1"]
[WhiteElo "2290"]
[BlackElo "2087"]

1.d4 d5 2.c4 c6 3.Nf3 Nf6 4.Qc2 g6 5.Bf4 Bf5 6.Qb3 Qb6 7.c5 Qxb3 8.axb3 Bg7
9.Nc3 Nbd7 10.b4 O-O 11.b5 Nh5 12.g3 Nxf4 13.gxf4 Be4 14.Nxe4 dxe4 15.Ne5 Bxe5
16.fxe5 cxb5 17.e3 a6 18.Bg2 f5 19.b4 e6 20.Ke2 Nb8 21.f3 exf3+ 22.Bxf3 Nc6
23.Ra3 Ra7 24.Rb1 g5 25.Kd3 Rd8 26.Kc3 g4 27.Be2 h5 28.Ra2 Kg7 29.Rba1 Rda8
30.Rf1 Ne7 31.e4 fxe4 32.h3 Nd5+ 33.Kb3 Ne3 34.Rg1 Nf5 35.Kc3 g3 36.Bxh5 a5
37.Rb2 axb4+ 38.Kxb4 Ra2 39.Rbb1 Kh6 40.Bd1 Nxd4 41.c6 Nxc6+ 42.Kc5 Ra1 43.Bc2 Rxb1
44.Rxb1 e3 45.Rg1 e2 46.Bd3 Ra2 47.Bxb5 Nxe5 48.Bxe2 Rxe2 49.Rxg3 Rd2 50.Kb6 Ng6
51.Kxb7 e5 52.Kc6 Kg7 53.h4 Kf6 54.h5 Nf4 55.h6 Rh2 56.Kd6 Rxh6 57.Re3 Kf5+  0-1